| 000 | 02723cam a22005294i 4500 | ||
|---|---|---|---|
| 003 | PE-LiUPU | ||
| 005 | 20250731165627.0 | ||
| 008 | 150623s1985 sp r 000 0 spa d | ||
| 020 | _a8472289915 | ||
| 035 | _a(Sirsi) i9788472289918 | ||
| 040 |
_aPE-LiUPU _bspa _cPE-LiUPU _dPE-LiUPU _erda |
||
| 049 | _aPRUA | ||
| 082 | 0 | 4 |
_a225.248 _bS79 _221 |
| 100 | 1 |
_aStegenga, Juan, _eautor. |
|
| 245 | 1 | 3 |
_aLa concordancia análitica greco - española del Nuevo Testamento greco-español / _cStegenga Juan, Alfred Tuggy. |
| 264 | 1 |
_aBarcelona : _bCLIE, _c1985. |
|
| 300 |
_a845 páginas ; _c23 centímetros |
||
| 336 |
_atext _2rdacontent |
||
| 337 |
_aunmediated _2rdamedia |
||
| 338 |
_avolume _2rdacarrier |
||
| 500 | _aApendices: 1-207. | ||
| 505 | 0 | _aUn catálogo completo, en griego, de todas las palabras del Nuevo Testamento, que las presenta en su forma original, sea de caso o de inflexion, junto con todas las palabras relaiconadas, derivadas o compuestas, en orden alfabetico bajo sus palabras raices -- Un análisis gramatical de cada palabra, y de toda forma que de ella se deriva -- Un invetario sistemático de cada palabra griega que presenta la lista completa de las citas en donde se encuentra en el Nuevo Testamento -- Las traducciones al español presentadas en sus varias formas y las omisiones anotadas. | |
| 526 | _aSEG44 | ||
| 526 | _aSEG26 | ||
| 526 | _aP151 | ||
| 526 | _aP150 | ||
| 526 | _aP149 | ||
| 526 | _aP146 | ||
| 526 | _aP145 | ||
| 526 | _aP126 | ||
| 526 | _aP125 | ||
| 526 | _aP92 | ||
| 526 | _aP75 | ||
| 526 | _aP74 | ||
| 526 | _aP27 | ||
| 526 | _aP15 | ||
| 630 |
_aBiblia. _pN.T. _vConcordancias. |
||
| 700 | 1 |
_aTuggy, Alfred, _eautor. |
|
| 942 |
_2ddc _cBOOK |
||
| 949 |
_aRC 225.03 S79 _wDEWEY _c1 _i39707 _d2015-11-18 _lCCODEBUL1 _mBUL _q4 _r0 _sY _tBOOK _u2015-6-16 _xTEOLOGIA _zUNKNOWN _0COMPRA _o.CIRCNOTE. No olvidar cambiar la fecha de devolución!!!!!!! _o.STAFF. Colección General |
||
| 949 |
_aRC 225.248 S79 _wDEWEY _c1 _i26055 _lCCODEBUL1 _mBUL _r0 _sY _tBOOK _u2015-6-24 _xTEOLOGIA _PP35 _0COMPRA _o.CIRCNOTE. No olvidar cambiar la fecha de devolución!!!!!!! _o.STAFF. Colección General |
||
| 994 |
_aC0 _bPEPRU |
||
| 596 | _a1 | ||
| 999 |
_aRC 225.03 S79 _wDEWEY _c57358 _i39707 _d57358 _f2021-11-8 _g6 _lCCODEBUL1 _mBUL _q10 _r1 _sY _tBOOK _u2015-6-16 _xTEOLOGIA _zUNKNOWN _0COMPRA _o.CIRCNOTE. No olvidar cambiar la fecha de devolución!!!!!!! _o.STAFF. Colección General |
||
| 999 |
_aRC 225.248 S79 _wDEWEY _c1 _i26055 _d2019-5-27 _f2021-11-8 _g6 _lCCODEBUL1 _mBUL _p41.00 _q6 _r1 _sY _tBOOK _u2015-6-24 _xTEOLOGIA _PP35 _0COMPRA _o.CIRCNOTE. No olvidar cambiar la fecha de devolución!!!!!!! _o.STAFF. Colección Teología |
||
| 980 |
_81 _gALBERTO SANCHEZ Responsable de Automatización |
||